00641nam a2200181Ia 4500001000700000003000500007008004100012010001100053040000900064100002100073245013500094260004100229300001000270502007600280650003800356650003100394650003400425Z_3906CHAP220113s2003 xx 000 0 und d a166967 cCHAP aLazo Soto, Roman aComportamiento de corderos en finalización bajo diferente estrategia de ofrecimiento de una misma dieta /cpor Roman Lazo Soto aChapingo, Méx. :bEl autor,c2003 a63 h. aTesis (Ing. Agr. Esp. en Zootecnia) -- UACH. Departamento de Zootecnia aGanado lanar xx Alimentación  aGanado lanar xx Engorda  aGanado lanar xx Rendimiento